00661cam a22002173a 45000010005000000030006000050050017000110080041000280400015000690420007000840500007000911000022000982450116001202600029002365060030002655160020002956530037003156530022003528300028003748560041004028410PGUSA20140828083156.0050701s2005||||xxu|||||s|||||000 1 eng d aPGUSAbeng adc 4aPZ1 aWebster, Frank V.10aJack of the Pony Express; Or, The Young Rider of the Mountain Trailsh[electronic resource] /cFrank V. Webster bProject Gutenberg,c2005 aPublic domain in the USA. aElectronic text aPony express -- Juvenile fiction aAdventure stories 0aProject Gutenbergv841040uhttp://www.gutenberg.org/ebooks/8410